Normal view MARC view
  • Bell, Michael G. H.

Entry Personal Name

Number of records used in: 1

001 - CONTROL NUMBER

  • control field: 34353

003 - CONTROL NUMBER IDENTIFIER

  • control field: OSt

005 - DATE AND TIME OF LATEST TRANSACTION

  • control field: 20131102103459.0

008 - FIXED-LENGTH DATA ELEMENTS

  • fixed length control field: 131102|| aca||aabn | a|a d

040 ## - CATALOGING SOURCE

  • Original cataloging agency: OSt
  • Transcribing agency: OSt

100 ## - HEADING--PERSONAL NAME

  • Personal name: Bell, Michael G. H.

670 ## - SOURCE DATA FOUND

  • Source citation: Work cat.: (OSt)0: Bell, Michael G. H., Transportation network analysis /, c1997.